|
|
|
|
| LEADER |
01518nam a2200397Ia 4500 |
| 001 |
EBC312878 |
| 003 |
MiAaPQ |
| 005 |
20200520144314.0 |
| 006 |
m o d | |
| 007 |
cr cn||||||||| |
| 008 |
070227s2007 enka sb 001 0 eng d |
| 020 |
|
|
|z 9781845932695 (hbk.)
|
| 020 |
|
|
|z 1845932692 (hbk.)
|
| 035 |
|
|
|a (MiAaPQ)EBC312878
|
| 035 |
|
|
|a (Au-PeEL)EBL312878
|
| 035 |
|
|
|a (CaPaEBR)ebr10188911
|
| 035 |
|
|
|a (CaONFJC)MIL95304
|
| 035 |
|
|
|a (OCoLC)181158599
|
| 040 |
|
|
|a MiAaPQ
|c MiAaPQ
|d MiAaPQ
|
| 050 |
|
4 |
|a HN793
|b .D43 2007
|
| 082 |
0 |
4 |
|a 338.96762
|2 22
|
| 245 |
0 |
0 |
|a Decentralization and the social economics of development
|h [electronic resource] :
|b lessons from Kenya /
|c edited by Christopher B. Barrett, Andrew G. Mude, John M. Omiti.
|
| 260 |
|
|
|a Wallingford :
|b CABI,
|c 2007.
|
| 300 |
|
|
|a x, 230 p. :
|b ill.
|
| 504 |
|
|
|a Includes bibliographical references and index.
|
| 533 |
|
|
|a Electronic reproduction. Ann Arbor, MI : ProQuest, 2015. Available via World Wide Web. Access may be limited to ProQuest affiliated libraries.
|
| 650 |
|
0 |
|a Rural development
|z Kenya.
|
| 650 |
|
0 |
|a Decentralization in government
|z Kenya.
|
| 651 |
|
0 |
|a Kenya
|x Economic conditions.
|
| 651 |
|
0 |
|a Kenya
|x Social conditions.
|
| 655 |
|
4 |
|a Electronic books.
|
| 700 |
1 |
|
|a Barrett, Christopher B.
|q (Christopher Brendan)
|
| 700 |
1 |
|
|a Mude, Andrew G.
|
| 700 |
1 |
|
|a Omiti, John.
|
| 710 |
2 |
|
|a ProQuest (Firm)
|
| 856 |
4 |
0 |
|u https://ebookcentral.proquest.com/lib/matrademy/detail.action?docID=312878
|z Click to View
|